Los gastos de consumo de las familias marplatenses y sus diferencias con los de las familias del Gran Buenos Aires (Registro nro. 22724)
[ vista simple ]
| 000 -LEADER | |
|---|---|
| fixed length control field | 00449 a2200133 4500 |
| 001 - CONTROL NUMBER | |
| control field | ART_6234 |
| 005 - DATE AND TIME OF LATEST TRANSACTION | |
| control field | 20260410161825.0 |
| 008 - FIXED-LENGTH DATA ELEMENTS--GENERAL INFORMATION | |
| fixed length control field | 260409a |
| 100 1# - MAIN ENTRY--PERSONAL NAME | |
| Personal name | Berges, Miriam |
| 245 10 - TITLE STATEMENT | |
| Title | Los gastos de consumo de las familias marplatenses y sus diferencias con los de las familias del Gran Buenos Aires |
| 700 1# - ADDED ENTRY--PERSONAL NAME | |
| Personal name | Rodriguez, Elsa |
| 700 1# - ADDED ENTRY--PERSONAL NAME | |
| Personal name | Di Paola, Rosángela |
| 773 0# - HOST ITEM ENTRY | |
| Title | FACES |
| Related parts | - Año 4, Nº 6 (oct. 1998) |
| Record control number | REV5046 |
No hay ítems disponibles.